000 00475nam a2200193Ia 4500
003 LK-CoDNM
008 010623t1998 xxu||||| |||| 00| 1 sin d
040 _aLK-CoDNM
_dLK-CoDNM
_eLK-CoDNM
041 _asin
080 _a929 ULL
100 _aRahubadda, Sumithra
_etr.
245 _aරඟසොබා
246 _aRagasoba
260 _bPlatform for Alternate culture
_c1998
300 _b245, 22 cm
650 _aBiography
700 _aUllmann, Liv
942 _cBK
999 _c119092
_d119092